00569nam a2200157Ia 4500003000900000005001700009008004100026040001600067080002200083110005100105245017500156260004900331650001000380650001100390650001000401IN-BaIIA20250707092333.0211028s9999 xx 000 0 eng d cIIA Library a(084.3)524.3bAKA aDeutsche Akademie der Wissenschaften zu Berlin 0aAkademische sternkanter fur der gutetel des Himmelsbvol. 15, sudlicher bis 150 nordlicks abweichung noch bersels vorchlagcDeutsche Akademie der Wissenschaften zu Berlin aBerlinbDummler's Verlags-Buchhandlungc1859 aAtlas aCharts aStars